Texas Hold'em Hand nicknames - Statistics

General Stats
  • This quiz has been taken 143 times
    138 since last reset
  • The average score is 10 of 16
Answer Stats
Nickname Holding % Correct
Pocket Rockets A A
94%
Cowboys K K
91%
Hooks J J
90%
Snowmen 8 8
88%
Ducks 2 2
85%
Hockey Sticks 7 7
82%
Big Slick A K
80%
Crabs 3 3
72%
Obamas 4 4
64%
The Doyle Brunson 10 2
60%
Jackson Five J 5
51%
Dead man's hand A 8
47%
Dolly Parton 9 5
38%
Stu Ungar A 4
24%
Double Down 7 4
21%
Ike Turner K 10
18%
No matching quizzes found
Score Distribution
Percent of People with Each Score
Percentile by Number Answered
Your Score History
You have not taken this quiz since the last reset